A quel manga / animé appartient ce personnage ? - Statistiques

Statistiques générales
  • Ce quiz a été pris 32 919 fois
  • Le résultat moyen est 11 sur 15
Statistiques - réponses
Hint Réponse % Correct
Vegeta Dragon Ball
95%
Pikachu Pokemon
94%
Nami One Piece
91%
Kirua Hunter x Hunter
89%
Levi Attaque des Titans
88%
Shikamaru Nara Naruto
86%
Ryuk Death Note
83%
Karma Akabane Assassination Classroom
78%
Jubia Fairy Tail
63%
Tenya Iida My Hero Academia
61%
Taiga Kagami Kuroko's Basket
56%
Yu Nishinoya Haikyuu
46%
Rangiku Matsumoto Bleach
44%
Chika Fujiwara Kaguya Sama
44%
Tatsumaki One Punch Man
38%
Aucun quiz correspondant
Distribution des résultats
% des personnes avec chaque résultat
Percentile par nombre de réponses
Votre historique - résultats
Vous n’avez pas pris ce quiz